|
|
|
|
| LEADER |
00000nam a2200000 a 4500 |
| 001 |
UCI6860 |
| 003 |
CL-VaPUC |
| 008 |
080530e20020000SP |||||||||||||||||spa|d |
| 020 |
|
|
|a 8481558745
|
| 082 |
0 |
4 |
|a 345.0264
|b JAE
|2 21
|
| 100 |
|
|
|a Jaén Vallejo, Manuel
|e author
|9 602825
|
| 245 |
1 |
3 |
|a La justicia penal en la jurisprudencia constitucional 2001
|
| 300 |
|
|
|a 539 p
|
| 942 |
|
|
|c BK
|
| 945 |
|
|
|d 20080530 00:00:00
|a rbrito
|
| 260 |
|
|
|a Madrid
|b Dykinson
|c 2002
|
| 650 |
|
7 |
|a DERECHO PENAL
|2 CL-VaPUC
|9 11
|
| 650 |
|
0 |
|a Jurisprudencia
|9 255952
|
| 650 |
|
0 |
|a Tribunal constitucional
|9 255000
|
| 650 |
|
7 |
|a SENTENCIAS JUDICIALES
|2 CL-VaPUC
|9 383421
|
| 583 |
|
|
|a last modification
|c 20080530 00:00:00
|k Rodrigo Vera
|
| 999 |
|
|
|c 330307
|d 330305
|
| 952 |
|
|
|0 0
|1 0
|4 0
|6 345_026400000000000_JAE_2002
|7 0
|8 A
|9 415802
|a BIBDER
|b BIBDER
|d 2019-11-22
|i 4444728
|o 345.0264 JAE 2002
|p 4444728
|r 2023-01-25
|w 2019-11-22
|y BK
|k DER
|